000 00685nam a2200289Ia 4500
005 20260324133007.0
008 008 260324s9999 xx 000 0 eng d
020 _a9781351302685
037 _aEBOOK
040 _aCRL
040 _beng
040 _cCRL
041 _2eng
041 _aeng
084 _qCRL
100 _aBarbara Miller
_91191399
245 4 _aThe Stasi Files Unveiled
245 0 _bGuilt and Compliance in a Unified Germany
260 _bTaylor and Francis
260 _c2004
365 _a
365 _b230
856 _uhttp://www.taylorfrancis.com/books/9781351302685
942 _cEBOOK
999 _c1790024
_d1790024